JHCSC Library Logo Welcome to JHCSC LibraryWhere Every Page Begins a New Adventure.    Vision: A leading public higher education institution serving the ASEAN community through quality, innovative, and culture-sensitive programs.    Mission: To provide relevant and responsive programs in Agriculture, Education, and other fields aligned with its vision. It undertakes applied research, extension, and production services that yield practical and lasting solutions to sector-specific challenges, improving the socio-economic well-being of identified communities.

JAVA HOW TO PROGRAM: EARLY OBJECTS (Record no. 11329)

MARC details
000 -LEADER
fixed length control field 00622nam a22001937a 4500
005 - DATE AND TIME OF LATEST TRANSACTION
control field 20260205022337.0
008 - FIXED-LENGTH DATA ELEMENTS--GENERAL INFORMATION
fixed length control field 220214b |||||||| |||| 00| 0 eng d
020 ## - INTERNATIONAL STANDARD BOOK NUMBER
International Standard Book Number 978-981-0697-67-9
040 ## - CATALOGING SOURCE
Transcribing agency jhcsc
082 ## - DEWEY DECIMAL CLASSIFICATION NUMBER
Classification number 005.1 D565 2010
Edition number 8
100 ## - MAIN ENTRY--PERSONAL NAME
9 (RLIN) 10098
Personal name Paul J. Deitel
Relator term Author
245 ## - TITLE STATEMENT
Title JAVA HOW TO PROGRAM: EARLY OBJECTS
Statement of responsibility, etc. Paul J. Deitel
250 ## - EDITION STATEMENT
Edition statement Eight Edition
260 ## - PUBLICATION, DISTRIBUTION, ETC.
Place of publication, distribution, etc. Jurong Singapore
Name of publisher, distributor, etc. Pearson Education, inc
Date of publication, distribution, etc. 2010
300 ## - PHYSICAL DESCRIPTION
Extent xxxvii,1506pp
Other physical details ill.
500 ## - GENERAL NOTE
General note Includes Bibliographical references and index
650 ## - SUBJECT ADDED ENTRY--TOPICAL TERM
Source of heading or term JAVA HOW TO PROGRAM: EARLY OBJECTS
942 ## - ADDED ENTRY ELEMENTS (KOHA)
Source of classification or shelving scheme Dewey Decimal Classification
Koha item type Book
Edition 8th edition
Holdings
Withdrawn status Lost status Source of classification or shelving scheme Damaged status Not for loan Collection code Home library Current library Shelving location Date acquired Total Checkouts Full call number Barcode Date last seen Price effective from Koha item type
    Dewey Decimal Classification     Information Technology JHCSC - Canuto MS Enero Campus Library JHCSC - Canuto MS Enero Campus Library Circulation 11/10/2014   005.1 D565 2010 2014-1370 c 02/05/2026 02/05/2026 Book
© J.H. Cerilles State College | All Rights Reserved
Designed by Terhevic L. Bation & Gerald Biad, Library IT Staff